<?xml version="1.0" encoding="UTF-8"?>
<record
    xmlns:xsi="http://www.w3.org/2001/XMLSchema-instance"
    xsi:schemaLocation="http://www.loc.gov/MARC21/slim http://www.loc.gov/standards/marcxml/schema/MARC21slim.xsd"
    xmlns="http://www.loc.gov/MARC21/slim">

  <leader>01294nam a2200217Ia 4500</leader>
  <controlfield tag="003">IT-RoPAU</controlfield>
  <controlfield tag="005">20220918175931.0</controlfield>
  <controlfield tag="008">120407s9999    xx            000 0 und d</controlfield>
  <datafield tag="040" ind1=" " ind2=" ">
    <subfield code="a">IT-RoPAU</subfield>
    <subfield code="c">Edizioni Paoline</subfield>
  </datafield>
  <datafield tag="040" ind1=" " ind2=" ">
    <subfield code="c">IT-RoPAU</subfield>
  </datafield>
  <datafield tag="041" ind1=" " ind2=" ">
    <subfield code="a">ita</subfield>
  </datafield>
  <datafield tag="100" ind1=" " ind2=" ">
    <subfield code="a">Franza Timoteo  </subfield>
    <subfield code="9">445</subfield>
  </datafield>
  <datafield tag="245" ind1=" " ind2=" ">
    <subfield code="a">Vademecum. </subfield>
    <subfield code="b">Del novizio paolino</subfield>
  </datafield>
  <datafield tag="250" ind1=" " ind2=" ">
    <subfield code="a">I</subfield>
  </datafield>
  <datafield tag="260" ind1=" " ind2=" ">
    <subfield code="a">Albano Laziale (Roma)</subfield>
    <subfield code="b">SSP</subfield>
    <subfield code="c">S.d.</subfield>
  </datafield>
  <datafield tag="300" ind1=" " ind2=" ">
    <subfield code="a">92 p.</subfield>
    <subfield code="c">13 cm</subfield>
  </datafield>
  <datafield tag="490" ind1=" " ind2=" ">
    <subfield code="v">I</subfield>
    <subfield code="a">Edizioni Paoline</subfield>
  </datafield>
  <datafield tag="520" ind1=" " ind2=" ">
    <subfield code="a">Indice

Cap. I     Fisionomia della Pia Societ&#xE0; San Paolo
Cap. II    Fine del religioso paolino
Cap. III    Fine del noviziato
Cap. IV   Il novizio e il suo Maestro
Cap. V    La piet&#xE0; del noviziato
                 1. Piet&#xE0; in generale
                 2. Pratiche di piet&#xE0;
                 3. Le nostre devozioni
Cap. VI    Il lavoro spirituale
Cap. VII   Il noviziato palestra di virt&#xF9;
Cap. VIII  Della carit&#xE0; in particolare
Cap. IX    Esercizio dell'umilt&#xE0;
Cap. X     Dell'obbedienza religiosa
Cap. XI    Della castit&#xE0; religiosa
Cap. XII   Della povert&#xE0; religiosa
Cap. XIII  Spirito di mortificazione
Cap. XIV  Amore alla congregazione
Cap. XV  Lo studio del noviziato
Cap. XVI  L'apostolato segno di vocazione paolina
Cap. XVII La disciplina del noviziato
 </subfield>
  </datafield>
  <datafield tag="942" ind1=" " ind2=" ">
    <subfield code="c">BK</subfield>
    <subfield code="2">ddc</subfield>
  </datafield>
  <datafield tag="999" ind1=" " ind2=" ">
    <subfield code="c">37212</subfield>
    <subfield code="d">37212</subfield>
  </datafield>
  <datafield tag="952" ind1=" " ind2=" ">
    <subfield code="0">0</subfield>
    <subfield code="1">0</subfield>
    <subfield code="2">ddc</subfield>
    <subfield code="4">0</subfield>
    <subfield code="6">P_C3</subfield>
    <subfield code="7">1</subfield>
    <subfield code="a">PAULUS</subfield>
    <subfield code="b">PAULUS</subfield>
    <subfield code="d">2013-02-21</subfield>
    <subfield code="l">0</subfield>
    <subfield code="o">P C3</subfield>
    <subfield code="r">2013-02-21 00:00:00</subfield>
    <subfield code="w">2013-02-21</subfield>
    <subfield code="y">BK</subfield>
  </datafield>
</record>
